Steve Lacy Charting Songs (Billboard Hot Rock) - Statistics

General Stats
  • This quiz has been taken 62 times
    6 since last reset
  • The average score is 7 of 10
Answer Stats
Album Weeks On Peak Artist(s) Song % Correct
Gemini Rights 52 Weeks #1 (23 Weeks) Steve Lacy Bad Habit
100%
Steve Lacy's Demo 26 Weeks #9 Steve Lacy Dark Red
100%
Gemini Rights 10 Weeks #14 Steve Lacy ft. Foushee Sunshine
100%
Gemini Rights 16 Weeks #12 Steve Lacy Mercury
80%
Gemini Rights 20 Weeks #10 Steve Lacy Static
80%
Gemini Rights 1 Week #29 Steve Lacy Amber
60%
Gemini Rights 2 Weeks #25 Steve Lacy Buttons
60%
Gemini Rights 8 Weeks #17 Steve Lacy Helmet
60%
Oh Yeah? 1 Week #23 Steve Lacy Nice Shoes
60%
Father of the Bridge 3 Weeks #24 Vampire Weekend ft. Steve Lacy Sunflower
20%
No matching quizzes found
Score Distribution
Percent of People with Each Score
Percentile by Number Answered
Your Score History
You have not taken this quiz since the last reset